000 00306nam a2200109Ia 4500
008 160531s9999 xx 000 0 und d
100 _aAli, Mahamane.
245 _aDiversity of Ecosystems
245 _cby Mahamane Ali
260 _c2012
856 _uhttp://www.intechopen.com/books/diversity-of-ecosystems
999 _c295106
_d295106